000
00254nam a2200109Ia 4500
008
190216s9999||||xx |||||||||||||| ||und||
100
_a
Simon W
245
0
_a
French Liberalisam 1789-1848
260
_b
John Wiley & Sons
650
_a
History
942
_c
BK
999
_c
20037
_d
20037